[Event "FISCA Open"]
[Site "?"]
[Date "2019.06.22"]
[Round "?"]
[White "Ciocani, Iosif"]
[Black "Grecescu, Gabriel Andrei"]
[Result "0-1"]
[WhiteElo "1740"]
[BlackElo "2390"]
[PlyCount "114"]
[EventDate "2019.??.??"]

1. e4 c5 2. Nf3 Nc6 3. d4 cxd4 4. Nxd4 g6 5. c4 Nf6 6. Nc3 Nxd4 7. Qxd4 d6 8.
Be3 Bg7 9. Be2 O-O 10. Qd2 Be6 11. O-O Qa5 12. f3 Rfc8 13. b3 a6 14. Rac1 Nd7
15. Nd5 Qxd2 16. Bxd2 Bxd5 17. exd5 Bd4+ 18. Kh1 Rc7 19. Bc3 Bxc3 20. Rxc3 b5
21. Re3 Nb6 22. Re1 Kf8 23. h3 Raa7 24. Re4 bxc4 25. Bxc4 a5 26. Rd1 Rc5 27.
Kh2 Rac7 28. Rdd4 f5 29. Re2 Nxc4 30. bxc4 Rxc4 31. Rxc4 Rxc4 32. Rd2 Kf7 33.
Kg3 g5 34. Kf2 Rc3 35. Ke2 Kf6 36. g3 g4 37. hxg4 fxg4 38. fxg4 Rxg3 39. Kf1
Rxg4 40. Rh2 Rg5 41. Rxh7 Rxd5 42. Ke2 Rb5 43. Rh6+ Kf7 44. Kd3 Rb2 45. Kd4
Rxa2 46. Rh7+ Ke8 47. Kd5 Kd7 48. Rh8 Rc2 49. Ra8 Rc5+ 50. Kd4 e5+ 51. Ke4 Rc4+
52. Kd3 Rd4+ 53. Ke3 a4 54. Ra7+ Ke6 55. Ra6 Rh4 56. Ke2 Rh2+ 57. Ke1 Ra2 0-1

[Event "European Scolar 2019"]
[Site "Mamaia, Romania"]
[Date "2019.06.05"]
[Round "6.23"]
[White "Ciocani, Iosif"]
[Black "Gabulov, Ilkin"]
[Result "1/2-1/2"]
[WhiteElo "1740"]
[BlackElo "1326"]
[PlyCount "95"]
[EventDate "2019.??.??"]

1. c4 Nf6 2. Nf3 e6 3. g3 d5 4. cxd5 exd5 5. Bg2 Bd6 6. O-O O-O 7. b3 c6 8. Bb2
Re8 9. d3 Nbd7 10. Nbd2 Ne5 11. Re1 Bd7 12. Nxe5 Bxe5 13. Bxe5 Rxe5 14. e4 Qb6
15. Nf3 Ree8 16. e5 Ng4 17. d4 Nh6 18. Qd2 Nf5 19. g4 Ne7 20. h3 Ng6 21. Rac1
a5 22. Nh2 Qb4 23. Qd3 a4 24. Nf3 Nf4 25. Qe3 Ne6 26. Red1 b5 27. Nh4 g6 28. f4
Qa3 29. f5 Ng7 30. f6 Ne6 31. Nf3 Qf8 32. b4 a3 33. Rb1 Ra4 34. Qd2 Nc7 35. Ne1
Na8 36. Nd3 Nb6 37. Nc5 Ra7 38. Bf1 Rb8 39. Be2 Na4 40. Nd3 h6 41. Nf4 Nb2 42.
Rxb2 axb2 43. Qxb2 Rba8 44. Ra1 Qc8 45. Bd1 Ra3 46. Bb3 g5 47. Ng2 Qf8 48. Ne1
1/2-1/2

[Event "European School Chess Championship - Op"]
[Site "Mamaia - Romania"]
[Date "2019.06.02"]
[Round "3.11"]
[White "Esiri, Jack"]
[Black "Ciocani, Iosif"]
[Result "0-1"]
[WhiteElo "1365"]
[BlackElo "1740"]
[PlyCount "104"]
[EventDate "2019.05.31"]

1. e4 c5 2. Nf3 Nc6 3. d4 cxd4 4. Nxd4 g6 5. c4 Bg7 6. Be3 d6 7. Nc3 Nf6 8. Be2
O-O 9. O-O Nxd4 10. Bxd4 Be6 11. Rc1 Rc8 12. b3 b6 13. Qd2 Nd7 14. Be3 a5 15.
Nb5 Nc5 16. Bf3 Bd7 17. Bg5 Bxb5 18. cxb5 Qd7 19. Qe2 Ne6 20. Be3 Bd4 21. Bg4
Bxe3 22. fxe3 Rxc1 23. Rxc1 f5 24. exf5 gxf5 25. Bf3 Nc5 26. a4 e5 27. Qc4+ Kh8
28. e4 fxe4 29. Bxe4 Qf7 30. Bd3 Qf2+ 31. Kh1 Qf4 32. Rf1 Qxc4 33. Rxf8+ Qg8
34. Rxg8+ Kxg8 35. Bc4+ Kg7 36. Kg1 Kf6 37. Kf2 e4 38. Ke3 Ke5 39. Bg8 h6 40.
g4 d5 41. h4 d4+ 42. Kd2 Kf4 43. g5 hxg5 44. h5 Kf5 45. Bh7+ Kf6 46. h6 Kf7 47.
Ke2 g4 48. Bf5 g3 49. Ke1 d3 50. h7 Kg7 51. Bg6 e3 52. b4 g2 0-1

[Event "European School Chess Championship - Op"]
[Site "Mamaia - Romania"]
[Date "2019.05.31"]
[Round "1.10"]
[White "Ungureanu, Andrei"]
[Black "Ciocani, Iosif"]
[Result "0-1"]
[WhiteElo "1278"]
[BlackElo "1740"]
[PlyCount "62"]
[EventDate "2019.05.31"]

1. d4 Nf6 2. c4 g6 3. Nc3 Bg7 4. Nf3 O-O 5. Bg5 d6 6. e3 Nbd7 7. Bd3 h6 8. Bxf6
Bxf6 9. O-O c5 10. d5 Bg7 11. Qc2 Nf6 12. e4 Bg4 13. Qe2 Nd7 14. h3 Bxf3 15.
Qxf3 Ne5 16. Qe3 Kh7 17. f4 Nxc4 18. Qe2 Na5 19. f5 a6 20. a4 Nb3 21. Rae1 Nd4
22. Qg4 c4 23. fxg6+ fxg6 24. Rxf8 Bxf8 25. Bxc4 Nc2 26. Rf1 Qb6+ 27. Kh1 Qxb2
28. Rf7+ Bg7 29. Ne2 Ne3 30. Qd7 Nxc4 31. Ng3 Ne5 0-1

[Event "Campionatele Nationale de sah pentru co"]
[Site "Calimanesti-Caciulata"]
[Date "2019.04.22"]
[Round "9.3"]
[White "Nastore, Pavel-Alexandru"]
[Black "Ciocani, Iosif"]
[Result "1-0"]
[WhiteElo "1970"]
[BlackElo "1741"]
[PlyCount "92"]
[EventDate "2019.04.15"]
[EventRounds "9"]

1. e4 c5 2. Nf3 Nc6 3. d4 cxd4 4. Nxd4 g6 5. c4 Bg7 6. Be3 Nf6 7. Nc3 O-O 8.
Be2 d6 9. O-O Bd7 10. Qd2 Nxd4 11. Bxd4 Bc6 12. f3 Nd7 13. Be3 a5 14. b3 Nc5
15. Rab1 f5 16. exf5 Rxf5 17. a3 a4 18. b4 Nb3 19. Qd3 d5 20. cxd5 Bxd5 21. g4
Re5 22. Bf4 Re6 23. Nxd5 Bd4+ 24. Kg2 Qxd5 25. Qc4 Rxe2+ 26. Qxe2 e5 27. Bg3
Rc8 28. Rfe1 Rc3 29. Rbd1 Qc6 30. Qe4 Rc2+ 31. Kh3 Qxe4 32. Rxe4 Rd2 33. Rde1
Rd3 34. Bxe5 Bxe5 35. Rxe5 Rxf3+ 36. Kg2 Rc3 37. g5 Rc2+ 38. Kg1 Rc7 39. Re7
Rxe7 40. Rxe7 b5 41. Re5 Nd4 42. Rd5 Nc2 43. Rxb5 Nxa3 44. Ra5 Nc4 45. Rxa4 Kf7
46. b5 Ke7 1-0

[Event "Campionatele Nationale de sah pentru co"]
[Site "Calimanesti-Caciulata"]
[Date "2019.04.21"]
[Round "8.6"]
[White "Ciocani, Iosif"]
[Black "Stingu, Alin"]
[Result "1-0"]
[WhiteElo "1741"]
[BlackElo "1511"]
[PlyCount "83"]
[EventDate "2019.04.15"]
[EventRounds "9"]

1. e4 c5 2. Nf3 d6 3. d4 cxd4 4. Nxd4 Nf6 5. Nc3 a6 6. Be2 e5 7. Nb3 Be7 8. O-O
Be6 9. f4 Nbd7 10. f5 Bxb3 11. axb3 b5 12. Bg5 O-O 13. Bxf6 Nxf6 14. Nd5 Nxd5
15. Qxd5 Qb6+ 16. Kh1 Rac8 17. c3 h6 18. b4 Ra8 19. h3 Kh7 20. Ra3 Qb8 21. Rfa1
Qb6 22. Bxb5 Qf2 23. Bxa6 Qxb2 24. b5 Kg8 25. c4 Bh4 26. R3a2 Qc3 27. b6 Rab8
28. b7 Kh7 29. Qxd6 Rfd8 30. Qa3 Qd4 31. c5 Bg5 32. c6 Bh4 33. Rf1 f6 34. c7
Rxb7 35. c8=Q Rdd7 36. Qe8 Rd8 37. Qg6+ Kh8 38. Qe7 Rg8 39. Rc2 Qa4 40. Qexg7+
Rgxg7 41. Rc8+ Rg8 42. Rxg8# 1-0

[Event "Campionatele Nationale de sah pentru co"]
[Site "Calimanesti-Caciulata"]
[Date "2019.04.20"]
[Round "7.7"]
[White "Boeru, Dragos-Matei"]
[Black "Ciocani, Iosif"]
[Result "1/2-1/2"]
[WhiteElo "1656"]
[BlackElo "1741"]
[PlyCount "142"]
[EventDate "2019.04.15"]
[EventRounds "9"]

1. e4 e5 2. Nf3 Nc6 3. d4 exd4 4. Bc4 Nf6 5. e5 d5 6. Bb5 Ne4 7. Nxd4 Be7 8.
Bxc6+ bxc6 9. O-O Bc5 10. c3 Qe7 11. Nd2 Qxe5 12. Nxe4 dxe4 13. Re1 O-O 14. Ne2
Bg4 15. Bf4 Qf6 16. Bg3 h5 17. h4 Bd6 18. Bxd6 cxd6 19. Qd4 Bxe2 20. Rxe2 d5
21. g3 Rfc8 22. Qc5 Rc7 23. b4 Qe7 24. Qd4 Rd8 25. Rd1 Qf6 26. Qxf6 gxf6 27.
Rxe4 c5 28. bxc5 Rxc5 29. Red4 Rxc3 30. Rxd5 Rxd5 31. Rxd5 Ra3 32. Rd2 Kg7 33.
Kg2 Kg6 34. Rc2 a5 35. Rb2 a4 36. Rc2 f5 37. Rc6+ f6 38. Rc2 f4 39. f3 Kf5 40.
Rc5+ Kg6 41. Rc2 Kf5 42. Rc5+ Kg6 43. Rc2 fxg3 44. Kxg3 f5 45. Kf4 Kf7 46. Kxf5
Rxf3+ 47. Kg5 a3 48. Kxh5 Kg7 49. Kg4 Rf7 50. Rc3 Ra7 51. Rc5 Kh6 52. Rc6+ Kg7
53. Rc5 Kh6 54. Rh5+ Kg6 55. Rb5 Ra4+ 56. Kg3 Kh6 57. h5 Ra6 58. Kf3 Ra4 59.
Kg3 Ra6 60. Rc5 Ra4 61. Kf3 Rh4 62. Rc2 Rxh5 63. Ke4 Ra5 64. Kd4 Kg6 65. Kc4
Kf6 66. Kb4 Ra7 67. Rh2 Ke6 68. Rh6+ Kd5 69. Rh5+ Kd6 70. Rh3 Kd5 71. Rh5+ Kd6
1/2-1/2

[Event "Campionatele Nationale de sah pentru co"]
[Site "Calimanesti-Caciulata"]
[Date "2019.04.19"]
[Round "6.4"]
[White "Ciocani, Iosif"]
[Black "Ulian, Andrei-Octavian"]
[Result "1/2-1/2"]
[WhiteElo "1741"]
[BlackElo "1745"]
[PlyCount "70"]
[EventDate "2019.04.15"]
[EventRounds "9"]

1. e4 c5 2. Nf3 d6 3. d4 cxd4 4. Nxd4 Nf6 5. Nc3 a6 6. Be2 e5 7. Nb3 Be6 8. O-O
Be7 9. Kh1 Nbd7 10. f4 Rc8 11. f5 Bc4 12. Bxc4 Rxc4 13. Qe2 Qc7 14. Bg5 b5 15.
Bxf6 Nxf6 16. a3 O-O 17. Rac1 Rb8 18. g4 b4 19. axb4 Rbxb4 20. Nd2 Rd4 21. g5
Rxd2 22. Qxd2 Nxe4 23. Nxe4 Rxe4 24. f6 Bf8 25. fxg7 Bxg7 26. Qd5 Rb4 27. b3
Qb7 28. Qxb7 Rxb7 29. Ra1 Rb6 30. Ra5 e4 31. Ra4 d5 32. Kg2 Rc6 33. Ra2 d4 34.
Kf2 Rc5 35. h4 a5 1/2-1/2

[Event "Campionatele Nationale de sah pentru co"]
[Site "Calimanesti-Caciulata"]
[Date "2019.04.18"]
[Round "5.8"]
[White "Gorea, Rares-Andrei"]
[Black "Ciocani, Iosif"]
[Result "0-1"]
[WhiteElo "1314"]
[BlackElo "1741"]
[PlyCount "58"]
[EventDate "2019.04.15"]
[EventRounds "9"]

1. e4 c5 2. Nf3 Nc6 3. c4 e5 4. d3 d6 5. Nc3 g6 6. Nd5 h6 7. Be2 Bg7 8. O-O
Nge7 9. Bd2 O-O 10. Qc1 Kh7 11. Bc3 Nxd5 12. exd5 Nd4 13. Nxd4 cxd4 14. Bd2 f5
15. f4 e4 16. Bb4 b6 17. b3 Qe7 18. Re1 g5 19. dxe4 fxe4 20. Bd3 Rxf4 21. g3
Rg4 22. Be2 Qe5 23. Bxg4 Bxg4 24. Rb1 e3 25. Rf1 Qe4 26. Rf7 Bh3 27. Rb2 e2 28.
Rf2 d3 29. Be1 Bd4 0-1

[Event "Campionatele Nationale de sah pentru co"]
[Site "Calimanesti-Caciulata"]
[Date "2019.04.17"]
[Round "4.9"]
[White "Ciocani, Iosif"]
[Black "Jitea, Andrei-Cristian"]
[Result "1-0"]
[WhiteElo "1741"]
[BlackElo "1339"]
[PlyCount "53"]
[EventDate "2019.04.15"]
[EventRounds "9"]

1. e4 c5 2. Nf3 e6 3. d4 cxd4 4. Nxd4 a6 5. c4 Nf6 6. Nc3 Qc7 7. Be3 Bb4 8. f3
d5 9. Qa4+ Nc6 10. Nxc6 Bxc3+ 11. bxc3 Qxc6 12. Qxc6+ bxc6 13. cxd5 cxd5 14. e5
Nd7 15. Bd4 Bb7 16. Bd3 O-O 17. Kd2 Bc6 18. Rab1 Rfb8 19. Rb4 Rb7 20. Rhb1 Bb5
21. R1b2 Rab8 22. a4 Bc6 23. Bxa6 Rxb4 24. cxb4 Bxa4 25. b5 Nb6 26. Bxb6 Rxb6
27. Rb4 1-0

[Event "Campionatele Nationale de sah pentru co"]
[Site "Calimanesti-Caciulata"]
[Date "2019.04.17"]
[Round "3.2"]
[White "Filip, Andrei (L.)"]
[Black "Ciocani, Iosif"]
[Result "1-0"]
[WhiteElo "1945"]
[BlackElo "1741"]
[PlyCount "51"]
[EventDate "2019.04.15"]
[EventRounds "9"]

1. e4 c5 2. Nf3 Nc6 3. d4 cxd4 4. Nxd4 g6 5. Nc3 Bg7 6. Be3 Nf6 7. Nxc6 bxc6 8.
e5 Ng8 9. f4 Nh6 10. Be2 d5 11. exd6 exd6 12. Bd4 O-O 13. Bxg7 Kxg7 14. Qd4+ f6
15. O-O-O d5 16. h4 Qb6 17. Qd2 Ng4 18. Rde1 h5 19. Bf3 Bf5 20. Re7+ Rf7 21.
Rxf7+ Kxf7 22. Nxd5 Qc5 23. Nb4 Rc8 24. Re1 a5 25. Nxc6 Rxc6 26. Qd5+ 1-0

[Event "Campionatele Nationale de sah pentru co"]
[Site "Calimanesti-Caciulata"]
[Date "2019.04.16"]
[Round "2.10"]
[White "Ciocani, Iosif"]
[Black "Calota, Rares-Stefan"]
[Result "1-0"]
[WhiteElo "1741"]
[BlackElo "1323"]
[PlyCount "85"]
[EventDate "2019.04.15"]
[EventRounds "9"]

1. e4 e5 2. Nc3 f5 3. Bc4 Nf6 4. d3 Nc6 5. Nf3 Bc5 6. a3 d6 7. O-O Qe7 8. Ng5
Bd7 9. Bf7+ Kd8 10. Bc4 Rf8 11. Nd5 Nxd5 12. exd5 Na5 13. Nxh7 f4 14. Nxf8 Qxf8
15. Ba2 Bb6 16. b4 Bd4 17. Rb1 g5 18. bxa5 g4 19. Bb2 Bxb2 20. Rxb2 f3 21. Re1
Ke7 22. Qd2 Qf6 23. d4 b6 24. dxe5 dxe5 25. Qe3 Kd6 26. a4 Rh8 27. Qa3+ c5 28.
dxc6+ Kxc6 29. Qc3+ Kb7 30. Bd5+ Kb8 31. Qxe5+ Qxe5 32. Rxe5 fxg2 33. Kxg2 Bxa4
34. axb6 axb6 35. Rxb6+ Kc8 36. Ra6 Bc6 37. Rxc6+ Kd7 38. Rg5 g3 39. Rg7+ Kd8
40. Be6 Rxh2+ 41. Kxg3 Rg2+ 42. Kxg2 Ke8 43. Rc8# 1-0

[Event "Campionatele Nationale de sah pentru co"]
[Site "Calimanesti-Caciulata"]
[Date "2019.04.15"]
[Round "1.11"]
[White "Ruse, Vlad-Marian"]
[Black "Ciocani, Iosif"]
[Result "0-1"]
[WhiteElo "1130"]
[BlackElo "1741"]
[PlyCount "62"]
[EventDate "2019.04.15"]
[EventRounds "9"]

1. d4 Nf6 2. Nf3 g6 3. Bf4 Bg7 4. h3 O-O 5. e3 d6 6. Be2 Nbd7 7. O-O Qe8 8. c4
e5 9. dxe5 dxe5 10. Bh2 Qe7 11. Nc3 a6 12. Qc2 Re8 13. Rfd1 e4 14. Nd2 Nb8 15.
Nf1 h5 16. Nd2 Bf5 17. Rab1 Rd8 18. Nb3 Nc6 19. a3 Rac8 20. Rd2 h4 21. Rbd1
Rxd2 22. Rxd2 g5 23. Bg4 Nxg4 24. hxg4 Bxc3 25. Qxc3 Bxg4 26. Nd4 h3 27. Nxc6
bxc6 28. gxh3 Bxh3 29. Be5 Qe6 30. Bh8 Qg4+ 31. Kh2 Qg2# 0-1

[Event "World Youth Olympiad U16"]
[Site "?"]
[Date "2018.12.01"]
[Round "?"]
[White "Moran, Darragh"]
[Black "Ciocani, Iosif"]
[Result "1-0"]
[WhiteElo "1800"]
[BlackElo "1636"]
[PlyCount "85"]
[EventDate "2018.??.??"]

1. e4 e5 2. Nf3 Nc6 3. Bc4 g6 4. d4 exd4 5. c3 Bg7 6. cxd4 Nge7 7. Nc3 O-O 8.
Bg5 Kh8 9. Qd2 f6 10. Bh6 Na5 11. Bd3 d5 12. Bxg7+ Kxg7 13. Nxd5 Nxd5 14. Qxa5
Nf4 15. O-O-O Bg4 16. h3 Bxf3 17. gxf3 b6 18. Qd2 Nxd3+ 19. Qxd3 Rc8 20. f4 c5
21. d5 Qd6 22. Qg3 c4 23. e5 Qb4 24. Qc3 Qxc3+ 25. bxc3 fxe5 26. fxe5 Kf7 27.
Rhe1 Ke7 28. Re2 Rcd8 29. Rd4 b5 30. Rb2 a6 31. a4 Rb8 32. axb5 axb5 33. Ra2
Ra8 34. Rxa8 Rxa8 35. Rh4 h5 36. Rf4 Rd8 37. Rd4 g5 38. Kd2 Rf8 39. Ke3 Rf5 40.
d6+ Kd7 41. e6+ Kd8 42. e7+ Kd7 43. Re4 1-0

[Event "World Youth Olympiad U16"]
[Site "?"]
[Date "2018.11.30"]
[Round "?"]
[White "Ciocani, Iosif"]
[Black "Boubendir, Nesrine"]
[Result "1-0"]
[WhiteElo "1636"]
[BlackElo "1467"]
[PlyCount "63"]
[EventDate "2018.??.??"]

1. e4 c5 2. Nf3 e6 3. d3 a6 4. Nbd2 d6 5. g3 b5 6. Bg2 Bb7 7. O-O Nf6 8. Nh4
Nc6 9. f4 Qc7 10. h3 Be7 11. Ndf3 O-O 12. g4 Rfe8 13. b3 Rad8 14. Qd2 Bf8 15.
Bb2 Nd7 16. f5 Nde5 17. Nxe5 dxe5 18. f6 gxf6 19. Rxf6 Bg7 20. Rf2 Qe7 21. Nf3
Nd4 22. Bxd4 exd4 23. h4 e5 24. h5 h6 25. Kh2 Bc8 26. Bh3 Rd6 27. Rg1 Kh8 28.
g5 hxg5 29. Nxg5 Rf6 30. Rxf6 Bxf6 31. Nxf7+ Kh7 32. Rg4 1-0

[Event "World Youth Olympiad U16"]
[Site "?"]
[Date "2018.11.30"]
[Round "?"]
[White "Modi, Sonia"]
[Black "Ciocani, Iosif"]
[Result "0-1"]
[WhiteElo "1588"]
[BlackElo "1636"]
[PlyCount "70"]
[EventDate "2018.??.??"]

1. c4 c5 2. g3 Nf6 3. Bg2 d5 4. cxd5 Nxd5 5. Nc3 Nc7 6. Nf3 Nc6 7. O-O e5 8. d3
Be7 9. a3 Be6 10. Qa4 O-O 11. Rb1 Rb8 12. Nd2 Qd7 13. f4 exf4 14. Qxf4 Bd6 15.
Qf2 Ne5 16. Nde4 Ng4 17. Qf3 Be5 18. Kh1 b6 19. Bf4 Bxf4 20. gxf4 f5 21. Ng5
Rbd8 22. h3 Nf6 23. Qg3 Ncd5 24. Nxe6 Qxe6 25. Nxd5 Nxd5 26. e4 Nc7 27. Rbe1
Qd7 28. Re3 Ne6 29. Qh4 Qd4 30. Rg3 Qxb2 31. exf5 Rxf5 32. Be4 Qf6 33. Qxf6
Rxf6 34. f5 Nd4 35. Rfg1 Rd7 0-1

[Event "World Youth Olympiad U16"]
[Site "?"]
[Date "2018.11.28"]
[Round "?"]
[White "Briem, Stephan"]
[Black "Ciocani, Iosif"]
[Result "1/2-1/2"]
[WhiteElo "2062"]
[BlackElo "1636"]
[PlyCount "102"]
[EventDate "2018.??.??"]

1. d4 d5 2. c4 e6 3. Nc3 c5 4. cxd5 exd5 5. Nf3 Nf6 6. e3 Nc6 7. Be2 Be6 8. O-O
Be7 9. b3 O-O 10. dxc5 Bxc5 11. Bb2 Qe7 12. Nb5 a6 13. Nbd4 Nxd4 14. Nxd4 Rac8
15. Bd3 Ba3 16. Qd2 Bxb2 17. Qxb2 Rc7 18. Rac1 Rfc8 19. a3 Nd7 20. Rfd1 Rxc1
21. Rxc1 Rxc1+ 22. Qxc1 Qc5 23. Qc2 Qxc2 24. Bxc2 g6 25. f4 Nf6 26. h3 Kf8 27.
Kf2 Ke7 28. Kf3 Kd6 29. g4 Bd7 30. Bd3 Bc8 31. b4 b5 32. Nb3 Nd7 33. e4 dxe4+
34. Kxe4 Bb7+ 35. Kd4 Bd5 36. Nd2 f6 37. Be4 Bxe4 38. Nxe4+ Kc6 39. f5 g5 40.
Nc3 Nb6 41. Ne4 Nd7 42. Ng3 Ne5 43. Nh5 Nd7 44. Ng7 Kd6 45. Ne8+ Ke7 46. Nc7
Kd6 47. Ne8+ Ke7 48. Nc7 Kd6 49. Ne8+ Ke7 50. Ng7 Kd6 51. Nh5 Kc6 1/2-1/2

[Event "World Youth Olympiad U16"]
[Site "?"]
[Date "2018.11.27"]
[Round "?"]
[White "Oflaz, Avni"]
[Black "Ciocani, Iosif"]
[Result "1/2-1/2"]
[WhiteElo "1361"]
[BlackElo "1636"]
[PlyCount "156"]
[EventDate "2018.??.??"]

1. e4 e5 2. Nf3 Nc6 3. Bc4 g6 4. d3 Bg7 5. Nc3 Nge7 6. Ng5 O-O 7. h4 Na5 8.
Nxf7 Rxf7 9. Bxf7+ Kxf7 10. h5 d6 11. Qf3+ Kg8 12. hxg6 hxg6 13. Bg5 Be6 14.
Qg3 Nac6 15. Qh4 Kf7 16. f4 Qh8 17. Bxe7 Nxe7 18. fxe5 Qxh4+ 19. Rxh4 Bxe5 20.
Kd2 Rh8 21. Rxh8 Bxh8 22. Rf1+ Ke8 23. b3 a6 24. Ne2 g5 25. Ng3 Be5 26. Nh5 Ng8
27. Ke3 Bg4 28. Rh1 Nf6 29. Nxf6+ Bxf6 30. d4 Be6 31. Rh7 Bf7 32. Rh6 Ke7 33.
Rh1 Bg6 34. c4 c5 35. dxc5 dxc5 36. Rd1 Bd4+ 37. Rxd4 cxd4+ 38. Kxd4 Be8 39.
Ke5 g4 40. g3 Bc6 41. b4 b6 42. a3 Kd7 43. Kf5 Ke7 44. Kxg4 Bxe4 45. Kf4 Bd3
46. c5 bxc5 47. bxc5 Kd7 48. Ke5 Kc6 49. Kd4 Be2 50. Ke3 Bb5 51. Kd4 a5 52. g4
Be2 53. g5 Bh5 54. Kc4 Bf7+ 55. Kd4 Be8 56. Kc4 Bg6 57. Kd4 Bf7 58. a4 Bg6 59.
Kc4 Be8 60. Kd4 Bf7 61. Kd3 Kxc5 62. Kc3 Be6 63. g6 Bg8 64. g7 Bf7 65. Kc2 Kc4
66. Kb2 Kb4 67. Ka1 Kxa4 68. Kb2 Kb4 69. Kb1 a4 70. Kb2 Bg8 71. Kb1 Kb3 72. Ka1
Ka3 73. Kb1 Bh7+ 74. Ka1 Kb3 75. g8=Q+ Bxg8 76. Kb1 a3 77. Ka1 Bc4 78. Kb1 Bd3+
1/2-1/2

[Event "World Youth Olympiad U16"]
[Site "?"]
[Date "2018.11.26"]
[Round "?"]
[White "Ciocani, Iosif"]
[Black "Kerimkulov, Omurbek"]
[Result "0-1"]
[WhiteElo "1636"]
[BlackElo "1557"]
[PlyCount "116"]
[EventDate "2018.??.??"]

1. e4 c5 2. Nf3 e6 3. Nc3 a6 4. d4 cxd4 5. Nxd4 d6 6. Be2 Nf6 7. O-O Be7 8. Be3
Nbd7 9. f3 Qc7 10. Bf2 b5 11. a4 b4 12. Na2 Rb8 13. Qd2 d5 14. exd5 Nxd5 15. c3
bxc3 16. Nxc3 Nxc3 17. bxc3 Bd6 18. Bg3 Bxg3 19. hxg3 O-O 20. Kh2 Bb7 21. Rh1
Rfc8 22. Rac1 Nf6 23. Qg5 h6 24. Qh4 Qa5 25. Nb3 Qe5 26. Rhe1 Qc7 27. c4 Bxf3
28. gxf3 Rxb3 29. c5 Rb2 30. Kg1 Qa7 31. Qc4 Nd7 32. Qxa6 Qxa6 33. Bxa6 Rxc5
34. Bb5 Rxc1 35. Rxc1 Nb6 36. Bd3 Rb3 37. Rd1 Ra3 38. Bb5 Nxa4 39. Rd8+ Kh7 40.
Ra8 Ra1+ 41. Kf2 Ra2+ 42. Ke3 Nc3 43. Rxa2 Nxa2 44. Kd4 g5 45. Kc4 h5 46. Kb3
h4 47. gxh4 gxh4 48. Kxa2 Kg6 49. Kb2 Kf5 50. Kc3 Kf4 51. Kd4 f6 52. Be2 Kg3
53. Ke3 e5 54. f4 exf4+ 55. Ke4 f5+ 56. Kd3 f3 57. Bf1 h3 58. Ke3 h2 0-1

[Event "World Youth Olympiad U16"]
[Site "?"]
[Date "2018.11.26"]
[Round "?"]
[White "Pour Agha Bala, Amirreza"]
[Black "Ciocani, Iosif"]
[Result "1-0"]
[WhiteElo "2319"]
[BlackElo "1636"]
[PlyCount "67"]
[EventDate "2018.??.??"]

1. e4 e5 2. Nf3 Nc6 3. Bc4 g6 4. d3 Bg7 5. O-O Nge7 6. Nc3 O-O 7. Nd5 h6 8. c3
Na5 9. Nxe7+ Qxe7 10. Bb5 c6 11. Ba4 b5 12. Bc2 d5 13. a4 bxa4 14. Rxa4 Nb7 15.
exd5 cxd5 16. Re1 Nc5 17. Ra3 Qc7 18. d4 exd4 19. Nxd4 Bd7 20. Be3 a5 21. Ne2
Be6 22. Nf4 Rad8 23. Qd2 Rfe8 24. Rea1 Ne4 25. Qc1 Ra8 26. Nxe6 Rxe6 27. Qd1
Be5 28. g3 Qb7 29. Rxa5 Rxa5 30. Rxa5 Qxb2 31. Ra8+ Kg7 32. Bxe4 dxe4 33. Qd8
Qb1+ 34. Kg2 1-0

[Event "World Youth Olympiad U16"]
[Site "?"]
[Date "2018.11.25"]
[Round "?"]
[White "Ciocani, Iosif"]
[Black "Svanda, Ondrej"]
[Result "0-1"]
[WhiteElo "1636"]
[BlackElo "2244"]
[PlyCount "94"]
[EventDate "2018.??.??"]

1. e4 c5 2. Nf3 g6 3. d4 cxd4 4. Nxd4 Nc6 5. Be3 Nf6 6. Nc3 Bg7 7. Be2 O-O 8.
O-O d6 9. Qd2 Ng4 10. Nxc6 bxc6 11. Bf4 Be6 12. h3 Ne5 13. Bh6 Bxh6 14. Qxh6
Qb6 15. Rab1 Qc5 16. Kh1 Nc4 17. f4 Nd2 18. f5 Nxb1 19. Rxb1 Bc4 20. Bxc4 Qxc4
21. g4 Qd4 22. h4 Qg7 23. Qe3 Qe5 24. Qh6 Qg3 25. g5 Qe5 26. f6 exf6 27. Rf1
fxg5 28. hxg5 d5 29. exd5 cxd5 30. Rf3 Rad8 31. Rh3 Qg7 32. Qh4 f6 33. gxf6
Rxf6 34. Rf3 Rdf8 35. Rxf6 Qxf6 36. Qxf6 Rxf6 37. Nxd5 Rf2 38. c4 Rxb2 39. c5
Rxa2 40. c6 Rc2 41. c7 Kf7 42. Kg1 a5 43. Kf1 a4 44. Nb6 a3 45. c8=Q Rxc8 46.
Nxc8 a2 47. Nd6+ Ke6 0-1

[Event "Campioantele Nationale de sah pentru co"]
[Site "Calimanesti-Caciulata"]
[Date "2018.04.02"]
[Round "8.4"]
[White "Ciocani, Iosif"]
[Black "Taran, Sebastian"]
[Result "1-0"]
[WhiteElo "1471"]
[BlackElo "1326"]
[PlyCount "71"]
[EventDate "2018.03.27"]
[EventRounds "9"]

1. d4 Nf6 2. e3 d5 3. Nf3 e6 4. Bd3 c5 5. c3 Nc6 6. Nbd2 Be7 7. O-O O-O 8. dxc5
Bxc5 9. e4 dxe4 10. Nxe4 Nxe4 11. Bxe4 Bd7 12. Bf4 Qe7 13. b4 e5 14. Bxc6 Bxc6
15. Nxe5 Qf6 16. Bg3 Bb6 17. Nxc6 Qxc6 18. Qb3 Kh8 19. c4 f5 20. c5 Bd8 21. Bd6
Rf6 22. Rfe1 Bb6 23. Qf3 Qxf3 24. gxf3 Rg6+ 25. Kf1 h6 26. Re7 Bd8 27. Rxb7 Bf6
28. Rc1 Bd4 29. Bf4 h5 30. c6 Bb6 31. c7 Bxc7 32. Rbxc7 Kh7 33. Rc8 Rxc8 34.
Rxc8 Rb6 35. a3 Ra6 36. Rc3 1-0

[Event "Campioantele Nationale de sah pentru co"]
[Site "Calimanesti-Caciulata"]
[Date "2018.03.31"]
[Round "6.4"]
[White "Dragoi, Albert-Marian"]
[Black "Ciocani, Iosif"]
[Result "1-0"]
[WhiteElo "1327"]
[BlackElo "1471"]
[PlyCount "37"]
[EventDate "2018.03.27"]
[EventRounds "9"]

1. d4 Nf6 2. c4 g6 3. Nc3 Bg7 4. e4 d6 5. Bf4 O-O 6. Nf3 Nbd7 7. Bd3 Re8 8. Qe2
e5 9. Bg5 h6 10. Bh4 exd4 11. Nxd4 g5 12. Bg3 Nxe4 13. Nxe4 Bxd4 14. Qf3 Qf6
15. Qe2 Qe6 16. O-O f5 17. Rfe1 fxe4 18. Bxe4 Nc5 19. Bd5 1-0

[Event "Campioantele Nationale de sah pentru co"]
[Site "Calimanesti-Caciulata"]
[Date "2018.03.30"]
[Round "5.4"]
[White "Ciocani, Iosif"]
[Black "Tariceanu, Victor"]
[Result "1/2-1/2"]
[WhiteElo "1471"]
[BlackElo "1380"]
[PlyCount "50"]
[EventDate "2018.03.27"]
[EventRounds "9"]

1. e4 e5 2. Nf3 Nc6 3. d4 exd4 4. Nxd4 d6 5. Nxc6 bxc6 6. Nc3 Nf6 7. Bd3 Be7 8.
O-O O-O 9. Re1 Re8 10. Bf4 Bd7 11. e5 dxe5 12. Bxe5 Bd6 13. Bg3 Bxg3 14. hxg3
Be6 15. Ne4 Bd5 16. Nxf6+ Qxf6 17. c3 Rxe1+ 18. Qxe1 Qe6 19. Qxe6 Bxe6 20. b3
Rd8 21. Rd1 Bf5 22. Bc2 Rxd1+ 23. Bxd1 Kf8 24. f3 Ke7 25. Kf2 Kd6 1/2-1/2

[Event "Campioantele Nationale de sah pentru co"]
[Site "Calimanesti-Caciulata"]
[Date "2018.03.29"]
[Round "3.6"]
[White "Ciocani, Iosif"]
[Black "Mainov, Stefan-Gabriel"]
[Result "1-0"]
[WhiteElo "1471"]
[BlackElo "1296"]
[PlyCount "77"]
[EventDate "2018.03.27"]
[EventRounds "9"]

1. e4 e5 2. Nf3 Nc6 3. d4 f6 4. d5 Nce7 5. Nc3 Ng6 6. Bc4 Bb4 7. O-O N8e7 8. a3
Ba5 9. d6 cxd6 10. Qxd6 Qc7 11. Qxc7 Bxc7 12. Nb5 Kd8 13. Be3 a6 14. Nxc7 Kxc7
15. Rfd1 Rd8 16. a4 d6 17. a5 Kc6 18. Bb6 Re8 19. Rd2 Nf4 20. Rad1 d5 21. Bxd5+
Nexd5 22. exd5+ Kd6 23. c4 Bf5 24. c5+ Kd7 25. Nh4 Bg6 26. Nxg6 hxg6 27. Rc2
Rac8 28. c6+ bxc6 29. dxc6+ Ke6 30. c7 Nd5 31. Rc6+ Kd7 32. Rc5 Re6 33. Rcxd5+
Kc6 34. Rc5+ Kb7 35. Rd8 Re8 36. Rcd5 e4 37. Rxe8 Rxe8 38. Rd8 Rxd8 39. cxd8=Q
1-0